[Event "Vratsa op (Women)"]
[Site "Vratsa"]
[Date "2015.07.25"]
[Round "8"]
[White "Bocheva, Margarita"]
[Black "Nikolova, Adriana"]
[Result "0-1"]
[WhiteElo "1780"]
[BlackElo "2332"]
[PlyCount "60"]
[EventDate "2015.07.20"]
[EventType "swiss"]
[EventRounds "9"]
[EventCountry "BUL"]
[SourceTitle "CBM 167 Extra"]
[Source "ChessBase"]
[SourceDate "2015.09.14"]
[SourceVersion "1"]
[SourceVersionDate "2015.09.14"]
[SourceQuality "1"]

1. d4 d5 2. Nf3 Nf6 3. Bg5 Ne4 4. Bf4 c5 5. c3 cxd4 6. Nxd4 Nc6 7. Nxc6 bxc6 8. e3 g6 9. Bd3 Nd6 10. 0-0 Bg7 11. Nd2 e5 12. Bg3 f5 13. Qa4 Bd7 14. Qa3 Qe7 15. Nb3 0-0 16. Bh4 Qxh4 17. Qxd6 Rf7 18. g3 Qh5 19. Rfe1 g5 20. Be2 g4 21. Bf1 Re8 22. Bg2 Bf8 23. Qc7 Re6 24. Nd2 Bc5 25. Qb8+ Kg7 26. Qb3 Rh6 27. Nf1 f4 28. exf4 exf4 29. c4 fxg3 30. Qc3+ Kg8 0-1

[Event "BUL-ch op (Women)"]
[Site "Vratsa"]
[Date "2014.07.24"]
[Round "5"]
[White "Bocheva, Margarita"]
[Black "Krasteva, Beloslava"]
[Result "1/2-1/2"]
[WhiteElo "1798"]
[BlackElo "1361"]
[PlyCount "75"]
[EventDate "2014.07.21"]
[EventType "swiss"]
[EventRounds "7"]
[EventCountry "BUL"]
[SourceTitle "CBM 161 Extra"]
[Source "ChessBase"]
[SourceDate "2014.08.29"]
[SourceVersion "1"]
[SourceVersionDate "2014.08.29"]
[SourceQuality "1"]

1. d4 c5 2. Nf3 e6 3. e4 d5 4. Bb5+ Bd7 5. Bxd7+ Nxd7 6. exd5 exd5 7. 0-0 Ngf6 8. Nc3 Be7 9. h3 0-0 10. Re1 Re8 11. Bf4 Qb6 12. Na4 Qc6 13. Nxc5 Nxc5 14. dxc5 Bxc5 15. Be3 Bxe3 16. Rxe3 Rxe3 17. fxe3 Qb6 18. Qd4 Qc6 19. c3 a6 20. Rd1 Re8 21. Nd2 Qb5 22. c4 dxc4 23. Nxc4 Qc6 24. b3 h6 25. Qd6 Qe4 26. Qd3 Qxd3 27. Rxd3 b5 28. Nd2 Rc8 29. Rd4 Rc3 30. e4 Nh5 31. Kf2 Nf4 32. Nf3 Nd3+ 33. Kg3 Nc1 34. Rd2 Nd3 35. Re2 Ne5 36. Kf2 Nd3+ 37. Kg3 Ne5 38. Kf2 1/2-1/2

[Event "BUL-ch op (Women)"]
[Site "Vratsa"]
[Date "2014.07.21"]
[Round "1"]
[White "Bukhteeva, Viktoria"]
[Black "Bocheva, Margarita"]
[Result "1-0"]
[WhiteElo "2165"]
[BlackElo "1798"]
[PlyCount "55"]
[EventDate "2014.07.21"]
[EventType "swiss"]
[EventRounds "7"]
[EventCountry "BUL"]
[SourceTitle "CBM 161 Extra"]
[Source "ChessBase"]
[SourceDate "2014.08.29"]
[SourceVersion "1"]
[SourceVersionDate "2014.08.29"]
[SourceQuality "1"]

1. e4 c5 2. Nf3 a6 3. Nc3 e6 4. d4 cxd4 5. Nxd4 Nc6 6. Nxc6 bxc6 7. Bd3 Ne7 8. 0-0 d5 9. e5 Ng6 10. f4 Bc5+ 11. Kh1 Qc7 12. Qg4 Rg8 13. Bd2 Qe7 14. Qh5 Rh8 15. a3 a5 16. Na4 Ba6 17. f5 Bxd3 18. cxd3 exf5 19. Nxc5 Qxc5 20. Rac1 Qb5 21. Qxf5 Rf8 22. Be3 Qxb2 23. Bc5 Ne7 24. Qg5 Qb7 25. Qxg7 h5 26. Qf6 Qd7 27. Bxe7 Qxe7 28. Qxc6+ 1-0